000 00379 a2200169 4500
001 187140
020 _a85-08-01321-3
040 _cMagnum
100 _aAlmeida, Fernanda Lopes de
240 1 0 _aGato que pulava em sapato
_lpor
245 1 0 _aGato que pulava em sapato
300 _a32
362 0 _a1997
440 1 _aÁtica
697 _aLITERATURA INFANTIL
942 _cBK
999 _c187140
_d187140